Old School RuneScape (OSRS) Quest Bosses by Picture - Statistics

General Stats
  • This quiz has been taken 24 times
  • The average score is 26 of 51
Answer Stats
Picture Hint Answer % Correct
Elvarg Dragon Slayer I
94%
Culinaromancer Recipe for Disaster
94%
Galvek Dragon Slayer II
89%
Count Draynor Vampyre Slayer
89%
The Inadequacy Dream Mentor
83%
Me Lunar Diplomacy
83%
Jungle Demon Monkey Madness I
83%
Glough Monkey Madness II
83%
Bouncer Fight Arena
78%
Fragment of Seren Song of the Elves
78%
Delrith Demon Slayer
72%
Fareed Desert Treasure I
72%
Barrelchest The Great Brain Robbery
72%
Sigmund Another Slice of H.A.M.
67%
Dagannoth Mother Horror from the Deep
67%
Tree Spirit Lost City
67%
Arrg Troll Romance
67%
Dad Troll Stronghold
67%
Agrith Naar Shadow of the Storm
61%
Black Demon The Grand Tree
61%
Vardorvis Desert Treasure II
56%
Ice Troll King The Fremennik Isles
56%
Koschei the Deathless The Fremennik Trials
56%
Giant Scarab Contact!
50%
Treus Dayth Haunted Mine
50%
Black Knight Titan Holy Grail
50%
Arrav The Curse of Arrav
50%
Balance Elemental While Guthix Sleeps
50%
Ancient Guardian Below Ice Mountain
44%
Glod Grim Tales
44%
Sea Troll Queen Swan Song
44%
Cuthbert, Lord of Dread The Ribbiting Tale of a Lily Pad Labour Dispute
44%
Chronozon Family Crest
39%
Gadderanks In Aid of the Myreque
39%
Giant Sea Snake Royal Trouble
39%
Slash Bash Zogre Flesh Eaters
39%
Tolna A Soul's Bane
33%
Ranis Drakan A Taste of Hope
33%
Giant Roc My Arm's Big Adventure
33%
Hespori A Night at the Theatre
28%
Sir Mordred Merlin's Crystal
28%
Slagilith One Small Favour
28%
Sir Leye Recruitment Drive
28%
Arzinian Avatar Between a Rock...
22%
Nezikchened Legends' Quest
22%
Ithoi the Navigator The Corsair Curse
22%
Moss Guardian Roving Elves
11%
Corrupt Lizardman Tale of the Righteous
11%
Sand Snake The Depths of Despair
11%
Prince Itzla Arkan The Heart of Darkness
11%
Ulfric Olaf's Quest
6%
No matching quizzes found
Score Distribution
Percent of People with Each Score
Percentile by Number Answered
Your Score History
You have not taken this quiz